=LDR 00000nam 2200000 4500 =001 INLIS000000000054769 =005 20200224091852 =035 ##$$a 0010-0220000331 =007 ta =008 200224###########################0#ind## =020 ##$$a 978-602-407-237-7 =082 ##$$a 153.8 =084 ##$$a 153.8 bud i =245 1#$$a Inspirasi sukses dari prinsip hidup orang-orang hebat dunia /$c Budi Susilo =250 ##$$a Cet 1 =300 ##$$a 168 halaman ; $c 20 Cm. =650 #4$$a Motivasi =700 #$$a Editor ; Eny Monica =504 ##$$a Bibliografi : halaman 163 - 165 =264 ##$$a Yogyakarta :$b Laksana,$c 2017 =336 ##$$a teks$2 rdacontent =337 ##$$a lain-lain$2 rdamedia =338 ##$$a lain-lain$2 rdacarrier =990 ##$$a 5294352943 =990 ##$$a 5294352943